00755nam a22002297a 4500999001300000001000500013003000900018005001700027008004100044020001500085040002800100082002000128100002500148245005000173260005300223300004800276500002000324504003100344650002100375942001200396952011700408 c409d4091744BD-DhUAP20200122105239.0200122s1990 njua b 001 0 eng  a0136908276 aDLCcDLCdBD-DhUAPbEng00223a005.74 BRA 1 aBrackett, Michael H.10aPractical data design /cMichael H. Brackett. aEnglewood Cliffs, N.J. :bPrentice Hall,cc1990. axxiii, 440 pages :billustrations ;c24 cm. aIncludes index. aBibliography : p. 426-428. 0aDatabase design. 2ddccBK 00102ddc4070aUAPCLbUAPCLcGeneral Stacksd2020-01-22o005.74 BRAp3010001744r2020-01-22t1w2020-01-22yBK